[Event "2. Bundesliga West 2004/2005"]
[Site "Schwaz"]
[Date "2004.10.17"]
[Round "2.5"]
[White "Hanel, Reinhard"]
[Black "Webersberger, Johann"]
[Result "0-1"]
[WhiteElo "2285"]
[BlackElo "2233"]
[PlyCount "101"]
[EventDate "2004.10.16"]

1. c4 h5 2. Nf3 h4 3. h3 e6 4. d4 b6 5. e4 Bb7 6. Bd3 Nc6 7. a3 d6 8. Nc3 e5 9.
d5 Nb8 10. O-O Nd7 11. b4 Ngf6 12. Bg5 Be7 13. Bxh4 Nh5 14. Bg3 Kf8 15. Qd2 Bc8
16. Bh2 Kg8 17. g4 Nf4 18. Bxf4 exf4 19. Qxf4 Bf6 20. Rac1 Rxh3 21. Kg2 Ne5 22.
Kxh3 g5 23. Qg3 Bxg4+ 24. Qxg4 Nxg4 25. Kxg4 Bxc3 26. e5 Bxe5 27. Nxe5 dxe5 28.
Bf5 Qf6 29. Rce1 Kg7 30. Rh1 Rh8 31. Rxh8 Kxh8 32. Re3 Qd6 33. Kxg5 a5 34. Rb3
Kg7 35. Kg4 Qh6 36. Rf3 axb4 37. axb4 Qd2 38. Bd3 Qxb4 39. Kf5 Qd6 40. Rg3+ Kf8
41. Re3 b5 42. cxb5 Qxd5 43. Be2 Qe6+ 44. Kg5 Qg6+ 45. Kh4 Qf6+ 46. Kg3 Qf4+
47. Kg2 e4 48. Rc3 Qd2 49. Rxc7 Qxe2 50. b6 e3 51. b7 0-1

[Event "2. Bundesliga West 2004/2005"]
[Site "Schwaz"]
[Date "2004.10.17"]
[Round "2.5"]
[White "Ager, Josef"]
[Black "Lickleder, Andreas"]
[Result "1/2-1/2"]
[WhiteElo "2222"]
[BlackElo "2251"]
[PlyCount "72"]
[EventDate "2004.10.16"]

1. d4 Nf6 2. Nf3 e6 3. g3 c5 4. Bg2 cxd4 5. Nxd4 a6 6. c4 Be7 7. O-O O-O 8. Nc3
Qc7 9. Qd3 Nc6 10. b3 Nxd4 11. Qxd4 d6 12. Bb2 Bd7 13. Rac1 Rad8 14. Rfd1 Qb8
15. Qb6 Bc8 16. Ne4 Nxe4 17. Bxe4 Rd7 18. Rd2 Bg5 19. e3 Bd8 20. Qb4 Be7 21.
Bg2 Qc7 22. Rdc2 Qc5 23. Qd2 Re8 24. Bd4 Qc7 25. e4 b6 26. Qe3 Bd8 27. Qc3 f6
28. Be3 Bb7 29. Qd3 Qb8 30. b4 Bc6 31. b5 axb5 32. cxb5 Bb7 33. Qb3 Rc7 34.
Rxc7 Bxc7 35. Qc4 Re7 36. f4 Kh8 1/2-1/2

[Event "2. Bundesliga West 2004/2005"]
[Site "Schwaz"]
[Date "2004.10.17"]
[Round "2.5"]
[White "Hager, Franz"]
[Black "Knechtel, Roland"]
[Result "1-0"]
[WhiteElo "2224"]
[BlackElo "2229"]
[PlyCount "63"]
[EventDate "2004.10.16"]

1. d4 d5 2. Nf3 Nf6 3. c4 e6 4. g3 b6 5. cxd5 exd5 6. Bg2 Be7 7. O-O O-O 8. Nc3
Be6 9. Ne5 c6 10. Bg5 Ng4 11. Bxe7 Qxe7 12. e4 Nxe5 13. dxe5 Rd8 14. exd5 cxd5
15. f4 g6 16. Rc1 Na6 17. Qe2 Nc7 18. g4 Qd7 19. h3 Rac8 20. Qd2 Kh8 21. Rcd1
d4 22. Ne4 Ne8 23. f5 gxf5 24. Qh6 f6 25. gxf5 Bxa2 26. exf6 Rc6 27. Rf4 Bg8
28. Rg4 Rdc8 29. Kh1 Qf7 30. Rg6 Qc7 31. f7 Rxg6 32. fxg6 1-0

[Event "2. Bundesliga West 2004/2005"]
[Site "Schwaz"]
[Date "2004.10.17"]
[Round "2.5"]
[White "Hackbarth, Wolfgang"]
[Black "Endthaler, Arnold"]
[Result "1/2-1/2"]
[WhiteElo "2137"]
[BlackElo "2088"]
[PlyCount "29"]
[EventDate "2004.10.16"]

1. c4 c5 2. Nc3 Nc6 3. g3 g6 4. Bg2 Bg7 5. d3 d6 6. Nf3 Nf6 7. Bg5 h6 8. Bd2
O-O 9. O-O Bd7 10. Rb1 Qc8 11. a3 Bh3 12. b4 Bxg2 13. Kxg2 b6 14. b5 Nd4 15. e4
1/2-1/2

[Event "2. Bundesliga West 2004/2005"]
[Site "Schwaz"]
[Date "2004.10.17"]
[Round "2.6"]
[White "Dobosz, Henryk"]
[Black "Volke, Karsten"]
[Result "1/2-1/2"]
[WhiteElo "2453"]
[BlackElo "2483"]
[PlyCount "35"]
[EventDate "2004.10.16"]

1. Nf3 Nf6 2. g3 c5 3. Bg2 b5 4. a4 b4 5. d3 Bb7 6. e4 d6 7. Nbd2 g6 8. O-O Bg7
9. e5 dxe5 10. Nxe5 Bxg2 11. Kxg2 Nbd7 12. Nec4 O-O 13. Qf3 Qc7 14. Re1 e6 15.
Nb3 Nd5 16. a5 Rac8 17. Re4 Qc6 18. Bd2 1/2-1/2

[Event "2. Bundesliga West 2004/2005"]
[Site "Schwaz"]
[Date "2004.10.17"]
[Round "2.6"]
[White "Poettinger, Harald"]
[Black "Eisenbeiser, Amadeus"]
[Result "1/2-1/2"]
[WhiteElo "2259"]
[BlackElo "2304"]
[PlyCount "33"]
[EventDate "2004.10.16"]

1. d4 d6 2. Nf3 Nf6 3. c4 g6 4. Nc3 Bg7 5. e3 O-O 6. Be2 Nbd7 7. Qc2 e5 8. b3
Re8 9. O-O Nf8 10. dxe5 dxe5 11. Rd1 Qe7 12. Bb2 Bg4 13. h3 Bxf3 14. Bxf3 e4
15. Be2 Rad8 16. Rxd8 Rxd8 17. Rd1 1/2-1/2

[Event "2. Bundesliga West 2004/2005"]
[Site "Schwaz"]
[Date "2004.10.17"]
[Round "2.6"]
[White "Schmidlechner, Alexander"]
[Black "Herbrechtsmeier"]
[Result "1-0"]
[WhiteElo "2212"]
[BlackElo "2289"]
[PlyCount "73"]
[EventDate "2004.10.16"]

1. d4 Nf6 2. Nf3 g6 3. Bg5 Bg7 4. Nbd2 d5 5. e3 O-O 6. Be2 c5 7. c3 cxd4 8.
exd4 Qb6 9. Qb3 Qxb3 10. axb3 Nc6 11. h3 Nd7 12. b4 f6 13. Be3 e5 14. b5 exd4
15. Nxd4 Nxd4 16. Bxd4 b6 17. O-O Bb7 18. Rfd1 Nc5 19. Ra3 Rfe8 20. Bf3 Bf8 21.
b4 Nd3 22. Bxf6 Bd6 23. Nf1 Ne1 24. Bxd5+ Bxd5 25. Rxd5 Re6 26. Bg5 Rc8 27. Ne3
Be5 28. c4 Bd6 29. Rb3 Kg7 30. Rd1 h6 31. Bh4 Nc2 32. Nxc2 Rxc4 33. Rbd3 Be5
34. Rd7+ Kg8 35. Rd8+ Kh7 36. R8d7+ Kg8 37. Nd4 1-0

[Event "2. Bundesliga West 2004/2005"]
[Site "Schwaz"]
[Date "2004.10.17"]
[Round "2.6"]
[White "Gattenloehner, S."]
[Black "Hengl, Christian"]
[Result "1/2-1/2"]
[WhiteElo "2235"]
[BlackElo "2220"]
[PlyCount "38"]
[EventDate "2004.10.16"]

1. e4 e6 2. d4 d5 3. Nd2 Nf6 4. e5 Nfd7 5. f4 c5 6. c3 Nc6 7. Ndf3 cxd4 8. cxd4
f5 9. Bd3 Nb6 10. Ne2 Be7 11. O-O O-O 12. Kh1 Bd7 13. a3 Rc8 14. Rg1 Na5 15. b3
Na8 16. g4 Qb6 17. Rb1 Nc7 18. gxf5 exf5 19. a4 Na6 1/2-1/2

[Event "2. Bundesliga West 2004/2005"]
[Site "Schwaz"]
[Date "2004.10.17"]
[Round "2.6"]
[White "Wallis, Toni"]
[Black "Heilinger, Dietmar"]
[Result "1/2-1/2"]
[WhiteElo "2177"]
[BlackElo "2167"]
[PlyCount "29"]
[EventDate "2004.10.16"]

1. e4 g6 2. d4 Bg7 3. Nf3 c6 4. c3 d5 5. Nbd2 Nh6 6. Bd3 O-O 7. O-O dxe4 8.
Nxe4 Nf5 9. Re1 Nd6 10. Bg5 Re8 11. Qd2 Nxe4 12. Bxe4 Be6 13. Bh6 Bf6 14. Bd3
Qd5 15. Ne5 1/2-1/2

[Event "2. Bundesliga West 2004/2005"]
[Site "Schwaz"]
[Date "2004.10.17"]
[Round "2.6"]
[White "Eiler, Gebhard"]
[Black "Eisenbeiser, Karlheinz"]
[Result "1/2-1/2"]
[WhiteElo "2084"]
[BlackElo "2061"]
[PlyCount "29"]
[EventDate "2004.10.16"]

1. d4 d6 2. Nf3 g6 3. Bg5 Bg7 4. c3 h6 5. Bh4 Nf6 6. Nbd2 g5 7. Bg3 Nh5 8. e4
e6 9. Qc2 Nd7 10. O-O-O Nb6 11. Be2 Bd7 12. Ne1 Nxg3 13. hxg3 Qe7 14. f4 O-O
15. Kb1 1/2-1/2

[Event "Ranshofen-Götzis"]
[Site "Absam"]
[Date "2004.12.03"]
[Round "3"]
[White "Hengl, Christian"]
[Black "Webersberger, Johann"]
[Result "1/2-1/2"]
[WhiteElo "2220"]
[BlackElo "2233"]
[PlyCount "36"]
[EventDate "2004.??.??"]

{128MB, Power.ctg, LANDESVERBAND} 1. e4 e5 2. Nf3 Nc6 3. Bc4 Nf6 4. d4 exd4 5.
O-O Nxe4 6. Re1 d5 7. Bxd5 Qxd5 8. Nc3 Qh5 9. Nxe4 Be6 10. Bg5 Bd6 11. Nxd6+
cxd6 12. Bf4 O-O 13. Nxd4 Qxd1 14. Raxd1 Nxd4 15. Rxd4 Rfc8 16. c3 Bxa2 17.
Rxd6 Be6 18. f3 Rd8 1/2-1/2

[Event "Mozart 1910-Wüstenrot Salzburg"]
[Site "Absam"]
[Date "2004.12.03"]
[Round "3"]
[White "Enigl, Karl"]
[Black "Hager, Franz"]
[Result "1/2-1/2"]
[WhiteElo "2152"]
[BlackElo "2224"]
[PlyCount "35"]
[EventDate "2004.??.??"]

{128MB, Power.ctg, LANDESVERBAND} 1. c4 e6 2. Nf3 b6 3. g3 Bb7 4. Bg2 Nf6 5.
O-O Be7 6. Nc3 O-O 7. d4 d5 8. Ne5 h6 9. Bf4 Na6 10. Qa4 Qe8 11. Qxe8 Rfxe8 12.
Rac1 c5 13. dxc5 Bxc5 14. Nd3 Be7 15. Be5 Rad8 16. Bxf6 Bxf6 17. cxd5 exd5 18.
e3 1/2-1/2

[Event "Bregenz-Reutte"]
[Site "Absam"]
[Date "2004.12.03"]
[Round "3"]
[White "Hosp, Reinhard"]
[Black "Herbrechtsmeier"]
[Result "1/2-1/2"]
[WhiteElo "2119"]
[BlackElo "2289"]
[PlyCount "32"]
[EventDate "2004.??.??"]

{128MB, Power.ctg, LANDESVERBAND} 1. e4 c5 2. Nf3 Nc6 3. d4 cxd4 4. Nxd4 g6 5.
Be3 Nf6 6. Nc3 Bg7 7. Be2 O-O 8. Nb3 d6 9. f3 Be6 10. Nd5 Bxd5 11. exd5 Na5 12.
Qd2 Nxb3 13. axb3 a6 14. c4 Re8 15. O-O e6 16. dxe6 Rxe6 1/2-1/2

[Event "Mozart 1910-Wüstenrot Salzburg"]
[Site "Absam"]
[Date "2004.12.03"]
[Round "3"]
[White "Ivanov, Mikhail"]
[Black "Opl, Klaus"]
[Result "1/2-1/2"]
[WhiteElo "2463"]
[BlackElo "2305"]
[PlyCount "45"]
[EventDate "2004.??.??"]

{128MB, Power.ctg, LANDESVERBAND} 1. Nf3 Nf6 2. c4 c5 3. Nc3 e6 4. e4 Nc6 5. d4
cxd4 6. Nxd4 Bb4 7. Nxc6 bxc6 8. Bd3 e5 9. O-O Bc5 10. Kh1 d6 11. Bg5 h6 12.
Bh4 g5 13. Bg3 h5 14. f3 h4 15. Bf2 Nh5 16. Bxc5 dxc5 17. Ne2 Qf6 18. Qe1 Be6
19. Kg1 Rd8 20. Rd1 Nf4 21. Nxf4 Qxf4 22. b3 g4 23. fxg4 1/2-1/2

[Event "Bregenz-Reutte"]
[Site "Absam"]
[Date "2004.12.03"]
[Round "3"]
[White "Kerber, Alfred"]
[Black "Maux, Martin"]
[Result "1-0"]
[WhiteElo "1924"]
[BlackElo "2114"]
[PlyCount "39"]
[EventDate "2004.??.??"]

{128MB, Power.ctg, LANDESVERBAND} 1. e4 d6 2. d4 Nf6 3. Nc3 g6 4. Bc4 Bg7 5.
Be3 Nbd7 6. f4 Nb6 7. Bb3 c6 8. Nf3 O-O 9. Qd2 Bd7 10. f5 gxf5 11. Bh6 Ne8 12.
Bxg7 Nxg7 13. Qh6 fxe4 14. Ng5 Bf5 15. g4 Bg6 16. h4 d5 17. h5 Nf5 18. gxf5
Bxf5 19. Rg1 Kh8 20. Nxh7 1-0

[Event "Mozart 1910-Wüstenrot Salzburg"]
[Site "Absam"]
[Date "2004.12.03"]
[Round "3"]
[White "Lickleder, Andreas"]
[Black "Mroz, Thomas"]
[Result "1/2-1/2"]
[WhiteElo "2251"]
[BlackElo "2105"]
[PlyCount "36"]
[EventDate "2004.??.??"]

{128MB, Power.ctg, LANDESVERBAND} 1. e4 Nf6 2. Nc3 d5 3. exd5 Nxd5 4. Bc4 Be6
5. Qf3 c6 6. Nge2 Nc7 7. Bxe6 Nxe6 8. O-O g6 9. d4 Bg7 10. Be3 Nc7 11. Rad1 O-O
12. d5 cxd5 13. Nxd5 Nxd5 14. Rxd5 Qc8 15. c3 Nc6 16. Rfd1 e6 17. Rc5 Rd8 18.
Ng3 Rxd1+ 1/2-1/2

[Event "Innsbrucker SK-Absam"]
[Site "Absam"]
[Date "2004.12.03"]
[Round "3"]
[White "Salvermoser, Bernd"]
[Black "Schmittdiel, Ekkehard"]
[Result "1-0"]
[WhiteElo "2242"]
[BlackElo "2449"]
[PlyCount "75"]
[EventDate "2004.??.??"]

{128MB, Power.ctg, LANDESVERBAND} 1. d4 Nf6 2. c4 e6 3. Nc3 Bb4 4. Qc2 b6 5. e4
Bb7 6. Bd3 Nc6 7. Nf3 e5 8. dxe5 Ng4 9. Bg5 Nd4 10. Bxd8 Nxc2+ 11. Bxc2 Rxd8
12. h3 Nh6 13. Nd4 O-O 14. O-O-O Bxc3 15. bxc3 Rde8 16. f4 f6 17. Nb5 fxe5 18.
f5 c6 19. Rxd7 Bc8 20. Rxa7 cxb5 21. cxb5 Rd8 22. Rd1 Rxd1+ 23. Bxd1 Rd8 24. g4
Kf8 25. Bb3 Bd7 26. Rb7 Nf7 27. Rxb6 Ng5 28. Bd5 Nxh3 29. a4 Nf4 30. a5 Nd3+
31. Kc2 Nc5 32. a6 Na4 33. Rb7 Nc5 34. Rc7 Bxb5 35. a7 Bd3+ 36. Kb2 Na4+ 37.
Ka3 Nb6 38. Rb7 1-0

[Event "Hohenems-Schwaz"]
[Site "Absam"]
[Date "2004.12.03"]
[Round "3"]
[White "Sandholzer, Robert"]
[Black "Fürlinger, Harald"]
[Result "1/2-1/2"]
[WhiteElo "2074"]
[BlackElo "2097"]
[PlyCount "48"]
[EventDate "2004.??.??"]

{128MB, Power.ctg, LANDESVERBAND} 1. d4 Nf6 2. c4 e6 3. Nc3 Bb4 4. Qc2 c5 5.
dxc5 O-O 6. a3 Bxc5 7. b4 Be7 8. Nf3 b6 9. e4 Bb7 10. Be2 a6 11. e5 Ne8 12. Be3
d6 13. Rd1 Qc7 14. O-O dxe5 15. Na4 Nd7 16. Rxd7 Qxd7 17. Nxb6 Qc7 18. Nxa8
Bxa8 19. Rd1 Nf6 20. Qc3 Ng4 21. h3 Nxe3 22. Qxe3 e4 23. Nd2 f5 24. c5 a5
1/2-1/2

[Event "Hohenems-Schwaz"]
[Site "Absam"]
[Date "2004.12.03"]
[Round "3"]
[White "Atlas, Dmitry"]
[Black "Fuchs, Georg"]
[Result "1/2-1/2"]
[WhiteElo "2286"]
[BlackElo "2281"]
[PlyCount "29"]
[EventDate "2004.??.??"]

{128MB, Power.ctg, LANDESVERBAND} 1. e4 e5 2. Bc4 Nf6 3. d3 Be7 4. Nf3 c6 5.
O-O Qc7 6. Nc3 b5 7. Bb3 O-O 8. a4 b4 9. Ne2 d5 10. Ng3 dxe4 11. Nxe4 Nd5 12.
h3 Kh8 13. Re1 f5 14. Ng3 Bd6 15. Bd2 1/2-1/2

[Event "Bregenz-Reutte"]
[Site "Absam"]
[Date "2004.12.03"]
[Round "3"]
[White "Heilinger, Dietmar"]
[Black "Pichler, Walter"]
[Result "1-0"]
[WhiteElo "2167"]
[BlackElo "1957"]
[PlyCount "49"]
[EventDate "2004.??.??"]

{128MB, Power.ctg, LANDESVERBAND} 1. c4 Nf6 2. g3 d5 3. cxd5 Nxd5 4. Bg2 c6 5.
Nc3 e6 6. Nf3 g6 7. O-O Bg7 8. d4 O-O 9. e4 Nxc3 10. bxc3 Nd7 11. Rb1 Re8 12.
e5 c5 13. Ng5 cxd4 14. cxd4 f6 15. exf6 Bxf6 16. Ne4 Be7 17. Re1 Bf8 18. Bf4
Nb6 19. Be5 Nd5 20. h4 Bg7 21. h5 Bxe5 22. dxe5 Re7 23. hxg6 hxg6 24. Nf6+ Nxf6
25. Qxd8+ 1-0

[Event "Mozart 1910-Wüstenrot Salzburg"]
[Site "Absam"]
[Date "2004.12.03"]
[Round "3"]
[White "Schmidt, Georg"]
[Black "Gasthofer, Alexander"]
[Result "1/2-1/2"]
[WhiteElo "2364"]
[BlackElo "2432"]
[PlyCount "38"]
[EventDate "2004.??.??"]

{128MB, Power.ctg, LANDESVERBAND} 1. e4 e6 2. d4 d5 3. Nd2 c5 4. exd5 exd5 5.
Bb5+ Nc6 6. Ngf3 Bd6 7. dxc5 Bxc5 8. O-O Nge7 9. Nb3 Bd6 10. Bg5 O-O 11. Re1
Bg4 12. Bh4 Qc7 13. Bg3 Rad8 14. c3 Qb6 15. Bxc6 Nxc6 16. Bxd6 Rxd6 17. Qd3
Bxf3 18. Qxf3 a5 19. Qe3 d4 1/2-1/2

[Event "Innsbrucker SK-Absam"]
[Site "Absam"]
[Date "2004.12.03"]
[Round "3"]
[White "Bromberger, Stefan"]
[Black "Dür, Werner"]
[Result "1/2-1/2"]
[WhiteElo "2440"]
[BlackElo "2264"]
[PlyCount "51"]
[EventDate "2004.??.??"]

{128MB, Power.ctg, LANDESVERBAND} 1. e4 c6 2. d4 d5 3. e5 Bf5 4. Nc3 Qb6 5. Nf3
e6 6. Be2 Nd7 7. O-O h6 8. b3 Ne7 9. Na4 Qc7 10. c4 g5 11. h4 g4 12. Ne1 Rg8
13. Ba3 Ng6 14. Bxf8 Ndxf8 15. cxd5 exd5 16. g3 Ne6 17. Ng2 h5 18. Rc1 Qe7 19.
Ne3 Be4 20. Nc3 Nxh4 21. Nxe4 dxe4 22. gxh4 Qxh4 23. Ng2 Qh3 24. Qd2 Ng5 25.
Qxg5 Rxg5 26. Nf4 1/2-1/2

[Event "Innsbrucker SK-Absam"]
[Site "Absam"]
[Date "2004.12.03"]
[Round "3"]
[White "Lawitsch, Günter"]
[Black "Dür, Arne"]
[Result "0-1"]
[WhiteElo "2230"]
[BlackElo "2386"]
[PlyCount "66"]
[EventDate "2004.??.??"]

{128MB, Power.ctg, LANDESVERBAND} 1. c4 e5 2. Nc3 d6 3. e4 g6 4. d4 Nd7 5. Nf3
Bg7 6. dxe5 dxe5 7. Bg5 Bf6 8. Be3 c6 9. Qd2 Be7 10. O-O-O Ngf6 11. Bh6 Ng4 12.
h4 Qb6 13. Be3 Nxe3 14. fxe3 f6 15. g4 Nc5 16. g5 Bg4 17. Be2 Rd8 18. Qc2 O-O
19. gxf6 Rxd1+ 20. Rxd1 Bxf6 21. Ng5 Bxg5 22. hxg5 Be6 23. b3 a5 24. Qd2 Qc7
25. Qe1 Rd8 26. Qg3 Rxd1+ 27. Bxd1 b5 28. cxb5 cxb5 29. Kc2 Nxb3 30. Kb2 Nd2
31. Nxb5 Nc4+ 32. Kc1 Qc5 33. a4 Nxe3+ 0-1

[Event "Lustenau-Wörgl"]
[Site "Absam"]
[Date "2004.12.03"]
[Round "3"]
[White "Mittelberger, Peter"]
[Black "Mrsic, Robert"]
[Result "1/2-1/2"]
[WhiteElo "2257"]
[BlackElo "2072"]
[PlyCount "47"]
[EventDate "2004.??.??"]

{128MB, Power.ctg, LANDESVERBAND} 1. e4 e6 2. d4 d5 3. Nc3 dxe4 4. Nxe4 Nd7 5.
g3 Ngf6 6. Nxf6+ Nxf6 7. Bg2 c5 8. Ne2 Be7 9. O-O Qb6 10. a3 a5 11. c4 O-O 12.
dxc5 Bxc5 13. Nc3 Rd8 14. Qc2 Bd7 15. Bg5 Bc6 16. Bxc6 Qxc6 17. Rad1 Rd4 18.
Rxd4 Bxd4 19. Nb5 Bc5 20. Bxf6 gxf6 21. Qc3 f5 22. b4 axb4 23. axb4 Be7 24. Qb3
1/2-1/2

[Event "Innsbrucker SK-Absam"]
[Site "Absam"]
[Date "2004.12.03"]
[Round "3"]
[White "Gerhold, Michael"]
[Black "Lair, Gebhard"]
[Result "1-0"]
[WhiteElo "2203"]
[BlackElo "1995"]
[PlyCount "85"]
[EventDate "2004.??.??"]

{128MB, Power.ctg, LANDESVERBAND} 1. d4 d5 2. c4 e6 3. Nf3 Nf6 4. g3 Be7 5. Bg2
O-O 6. Qc2 dxc4 7. Qxc4 c5 8. dxc5 Na6 9. b4 Nd5 10. a3 Bf6 11. Ra2 e5 12. Rd2
Be6 13. Qe4 Qc8 14. Rxd5 Bf5 15. Qc4 Bxb1 16. e4 b5 17. Qe2 Nc7 18. Rd1 Qe6 19.
O-O Ba2 20. Rd6 Qc4 21. Qe3 Ne6 22. Bb2 a5 23. Rc1 Qb3 24. Qxb3 Bxb3 25. Bxe5
axb4 26. axb4 Ra4 27. Bxf6 gxf6 28. Nd4 Nxd4 29. Rxd4 Bc4 30. Bf1 Bxf1 31. Kxf1
Rc8 32. Ke2 Kf8 33. Ke3 Ke7 34. Rcd1 Rc7 35. h4 Ra3+ 36. Kf4 Rb3 37. R1d3 Rb1
38. g4 Rh1 39. h5 h6 40. Rd8 Rb1 41. Rh8 Rxb4 42. Rdd8 Rxc5 43. Rhe8# 1-0

[Event "Lustenau-Wörgl"]
[Site "Absam"]
[Date "2004.12.03"]
[Round "3"]
[White "Ginsburg, Gennadij"]
[Black "Blaskowski, Johannes"]
[Result "1/2-1/2"]
[WhiteElo "2519"]
[BlackElo "2385"]
[PlyCount "80"]
[EventDate "2004.??.??"]

{128MB, Power.ctg, LANDESVERBAND} 1. e4 c5 2. Nf3 e6 3. d4 cxd4 4. Nxd4 Nf6 5.
Nc3 d6 6. g4 Nc6 7. g5 Nd7 8. Be3 a6 9. h4 Qc7 10. f4 b5 11. Bd3 Bb7 12. Qf3
Na5 13. O-O-O Nc4 14. h5 Nxe3 15. Qxe3 e5 16. Nd5 Qc5 17. fxe5 dxe5 18. Nf5
Bxd5 19. exd5 Qxe3+ 20. Nxe3 Be7 21. Rdg1 h6 22. gxh6 gxh6 23. Kb1 Bg5 24. Ng4
Ke7 25. Bf5 Rhd8 26. Rh3 Nf6 27. Nxf6 Kxf6 28. Be4 Rac8 29. c3 Bf4 30. Kc2 Ke7
31. b3 Kd6 32. Kd3 Rg8 33. Rhh1 Rcf8 34. Ke2 f5 35. Rxg8 Rxg8 36. Bxf5 Rg2+ 37.
Kf3 Rg3+ 38. Ke2 Rg2+ 39. Kf3 Rg3+ 40. Ke2 Rg2+ 1/2-1/2

[Event "Lustenau-Wörgl"]
[Site "Absam"]
[Date "2004.12.03"]
[Round "3"]
[White "Maier, Peter"]
[Black "Neuschmied, Siegfried"]
[Result "1-0"]
[WhiteElo "2182"]
[BlackElo "2218"]
[PlyCount "67"]
[EventDate "2004.??.??"]

{128MB, Power.ctg, LANDESVERBAND} 1. d4 Nf6 2. c4 e6 3. Nc3 Bb4 4. e3 c5 5.
Nge2 d5 6. a3 cxd4 7. exd4 Be7 8. c5 b6 9. b4 bxc5 10. dxc5 O-O 11. g3 a5 12.
Rb1 axb4 13. axb4 Na6 14. Bg2 Rb8 15. Ba3 Qc7 16. O-O Ng4 17. Nf4 Nf6 18. Re1
Rd8 19. Nd3 Bf8 20. Qe2 Ra8 21. Bc1 Bb7 22. Bf4 Qd7 23. Ne5 Qe8 24. Rec1 Nb8
25. Ra1 Nfd7 26. Rxa8 Bxa8 27. Nb5 Nxe5 28. Bxe5 Nc6 29. Nc7 Qd7 30. b5 Ne7 31.
Nxa8 Rxa8 32. c6 Qa7 33. Qb2 Rc8 34. b6 1-0

[Event "Lustenau-Wörgl"]
[Site "Absam"]
[Date "2004.12.03"]
[Round "3"]
[White "Eybl, Alexander"]
[Black "Sucher, Johannes"]
[Result "0-1"]
[WhiteElo "2259"]
[BlackElo "2178"]
[PlyCount "72"]
[EventDate "2004.??.??"]

{128MB, Power.ctg, LANDESVERBAND} 1. c4 e6 2. Nf3 f5 3. g3 b6 4. Bg2 Bb7 5. O-O
Nf6 6. Nc3 g6 7. d4 Bg7 8. d5 O-O 9. e4 fxe4 10. Ng5 Ba6 11. dxe6 Bxc4 12.
Ncxe4 Bxf1 13. Qxf1 c6 14. exd7 Qxd7 15. Qc4+ Kh8 16. Ne6 Re8 17. Nxg7 Qd1+ 18.
Qf1 Qxf1+ 19. Kxf1 Kxg7 20. Nxf6 Kxf6 21. Bd2 a5 22. Bc3+ Kf7 23. Rd1 Ra7 24.
Rd6 Re6 25. Rd8 Rd7 26. Rxd7+ Nxd7 27. f4 Nf6 28. Bd4 Nd5 29. Bxd5 cxd5 30. Kf2
b5 31. g4 Re4 32. Be5 Rxe5 33. fxe5 Ke6 34. Ke3 Kxe5 35. h3 g5 36. Kd3 d4 0-1

[Event "Hohenems-Schwaz"]
[Site "Absam"]
[Date "2004.12.03"]
[Round "3"]
[White "Gärtner, Guntram"]
[Black "Heinzel, Olaf"]
[Result "0-1"]
[WhiteElo "2336"]
[BlackElo "2402"]
[PlyCount "66"]
[EventDate "2004.??.??"]

{128MB, Power.ctg, LANDESVERBAND} 1. d4 d5 2. c4 c6 3. cxd5 cxd5 4. Nf3 Nf6 5.
Nc3 e6 6. Bf4 Bd6 7. Bg3 Ne4 8. Bxd6 Nxc3 9. bxc3 Qxd6 10. Qa4+ Bd7 11. Qb4
Qxb4 12. cxb4 a5 13. bxa5 Rxa5 14. e3 Nc6 15. Nd2 Ke7 16. Rb1 Rxa2 17. Rxb7 Na5
18. Rb1 Rc8 19. Bd3 Rc3 20. Ke2 Nb3 21. Rhd1 Ba4 22. h4 h5 23. g3 f5 24. f3 Kd8
25. g4 hxg4 26. fxg4 fxg4 27. Bg6 Bb5+ 28. Kf2 Bd3 29. Rxb3 Rxb3 30. Bxd3 Rxd3
31. Ke2 Rc3 32. h5 g3 33. Kf3 Rd3 0-1

[Event "Lustenau-Wörgl"]
[Site "Absam"]
[Date "2004.12.03"]
[Round "3"]
[White "Doskocil, Klaus"]
[Black "Astl, Peter"]
[Result "0-1"]
[WhiteElo "2219"]
[BlackElo "2233"]
[PlyCount "100"]
[EventDate "2004.??.??"]

{128MB, Power.ctg, LANDESVERBAND} 1. e4 c6 2. d4 d5 3. e5 Bf5 4. Be3 e6 5. Nd2
Nd7 6. Ngf3 h6 7. Be2 Ne7 8. O-O Bh7 9. Nb3 Nf5 10. Bd2 Be7 11. c4 dxc4 12.
Bxc4 O-O 13. Rc1 Nb6 14. Ba5 Qc8 15. Bd3 Nd5 16. g4 Nh4 17. Bxh7+ Kxh7 18. Nxh4
Bxh4 19. f4 g6 20. Qd3 f5 21. exf6 Bxf6 22. Bd2 Be7 23. Qh3 Kg7 24. Rfe1 Rh8
25. f5 exf5 26. gxf5 g5 27. Rxe7+ Nxe7 28. f6+ Kg6 29. Qxc8 Nxc8 30. Bb4 Nb6
31. f7 Nd7 32. Nc5 Nf6 33. Nxb7 Kxf7 34. Bd6 Kg6 35. Nc5 Rhe8 36. Be5 Ng4 37.
Nd3 Rad8 38. h3 Nxe5 39. Nxe5+ Kh5 40. Nxc6 Rd6 41. Nxa7 Rxd4 42. Nc6 Rd2 43.
b4 Ree2 44. Rb1 Rg2+ 45. Kh1 Rh2+ 46. Kg1 Rdg2+ 47. Kf1 Rxa2 48. Kg1 Rag2+ 49.
Kf1 Kh4 50. b5 Rb2 0-1

[Event "Ranshofen-Götzis"]
[Site "Absam"]
[Date "2004.12.03"]
[Round "3"]
[White "Bensch, Patrick"]
[Black "Schmidlechner, Alexander"]
[Result "1/2-1/2"]
[WhiteElo "2295"]
[BlackElo "2212"]
[PlyCount "46"]
[EventDate "2004.??.??"]

{128MB, Power.ctg, LANDESVERBAND} 1. e4 g6 2. d4 c6 3. Nc3 d5 4. Bf4 Bg7 5. e5
Qb6 6. Rb1 Nd7 7. Qd2 Nf8 8. Be2 h5 9. Be3 Nh6 10. f4 Bg4 11. h3 Bxe2 12. Ncxe2
Nf5 13. Bf2 e6 14. Nf3 Nd7 15. g3 Qa6 16. a3 Nb6 17. Qd3 Qa5+ 18. Kf1 Qb5 19.
Kg2 Qxd3 20. cxd3 Nh6 21. Ng5 Bf8 22. g4 Be7 23. Kf3 Nd7 1/2-1/2

[Event "Mozart 1910-Wüstenrot Salzburg"]
[Site "Absam"]
[Date "2004.12.03"]
[Round "3"]
[White "Endthaler, Arnold"]
[Black "Marchhart, Matthias"]
[Result "0-1"]
[WhiteElo "2088"]
[BlackElo "2111"]
[PlyCount "60"]
[EventDate "2004.??.??"]

{128MB, Power.ctg, LANDESVERBAND} 1. e4 c5 2. Nf3 Nc6 3. d4 cxd4 4. Nxd4 Nf6 5.
Nc3 e5 6. Ndb5 d6 7. Bg5 a6 8. Na3 b5 9. Nd5 Be7 10. Bxf6 Bxf6 11. c3 Bg5 12.
Nc2 Rb8 13. Bd3 O-O 14. Qe2 Ne7 15. Nxe7+ Qxe7 16. O-O g6 17. a4 Qb7 18. axb5
axb5 19. Ra5 Bd7 20. Nb4 Ra8 21. Rxb5 Bxb5 22. Bxb5 Ra5 23. Bc4 Kg7 24. Bd5 Qb6
25. Qg4 Bd8 26. h4 f5 27. Qg3 fxe4 28. h5 Rf4 29. hxg6 Bh4 30. Qh3 Bxf2+ 0-1

[Event "Hohenems-Schwaz"]
[Site "Absam"]
[Date "2004.12.03"]
[Round "3"]
[White "Tschohl, Christof"]
[Black "Kondrak, Christof"]
[Result "1/2-1/2"]
[WhiteElo "2143"]
[BlackElo "2189"]
[PlyCount "60"]
[EventDate "2004.??.??"]

{128MB, Power.ctg, LANDESVERBAND} 1. e4 c5 2. Nf3 Nc6 3. d4 cxd4 4. Nxd4 e5 5.
Nb5 a6 6. Nd6+ Bxd6 7. Qxd6 f5 8. Nc3 Qf6 9. Qd1 Nge7 10. Qh5+ Qg6 11. Qxg6+
hxg6 12. Bg5 b5 13. f3 Bb7 14. O-O-O Rc8 15. Kb1 Nd4 16. Bxe7 Kxe7 17. Bd3 Kf6
18. a3 Rc5 19. Rd2 d5 20. exd5 Bxd5 21. Nxd5+ Rxd5 22. h3 Ne6 23. Rhd1 Rhd8 24.
Kc1 g5 25. c3 Nc5 26. Bc2 Rxd2 27. Rxd2 Rxd2 28. Kxd2 g6 29. Ke3 Na4 30. Bxa4
bxa4 1/2-1/2